Animal Crossing - les Villageois Grenouilles [avec image] - Statistiques

Statistiques générales
  • Ce quiz a été pris 10 fois
  • Le résultat moyen est 11 sur 19
Statistiques - réponses
Par images Réponse % Correct
Raina
83%
Rénata
83%
Violette
83%
Fabien
67%
Gloria
67%
Gordon
67%
Henri
67%
Jérémie
67%
Milos
67%
Prince
67%
Rénato
67%
Bajoue
50%
Carlos
50%
Crakos
50%
Gambette
50%
Verbert
50%
Crabot
33%
Émeraude
33%
Figaro
33%
Aucun quiz correspondant
Distribution des résultats
% des personnes avec chaque résultat
Percentile par nombre de réponses
Votre historique - résultats
Vous n’avez pas pris ce quiz